Mechanical trades pocket manual
Сохранить в:
| Главный автор: | |
|---|---|
| Формат: | |
| Язык: | Undetermined |
| Опубликовано: |
New York
Macmillan
1990
|
| Предметы: | |
| Метки: |
Добавить метку
Нет меток, Требуется 1-ая метка записи!
|
| Thư viện lưu trữ: | Trung tâm Học liệu Trường Đại học Cần Thơ |
|---|
| LEADER | 00632nam a2200217Ia 4500 | ||
|---|---|---|---|
| 001 | CTU_144544 | ||
| 008 | 210402s9999 xx 000 0 und d | ||
| 082 | |a 621.8 | ||
| 082 | |b N425 | ||
| 100 | |a Nelson, Carl A. | ||
| 245 | 0 | |a Mechanical trades pocket manual | |
| 245 | 0 | |c Carl A. Nelson | |
| 260 | |a New York | ||
| 260 | |b Macmillan | ||
| 260 | |c 1990 | ||
| 526 | |a Anh văn chuyên môn cơ khí | ||
| 526 | |b CN156 | ||
| 650 | |a Kỹ thuật cơ khí,Mechanical engineering | ||
| 650 | |x Sổ tay,Handbooks, manuals, etc. | ||
| 904 | |i Trọng Hải | ||
| 980 | |a Trung tâm Học liệu Trường Đại học Cần Thơ | ||